Регионална библиотека "Любен Каравелов" - Русе

Преступления и преступники (Запис номер 402798)

MARC детайли
000 -Лидер
Контролно поле с фиксирана дължина nam a22 a 4500
003 - Код на организацията, давaща контролен номер
Контролно поле BLK
005 - Дата и час на последна редакция
Контролно поле 20210402135825.0
008 - Елементи от данни с фиксирана дължина
fixed length control field 210325b bu |||||r|||| 00| | bu d
040 ## - Източник на каталожния запис
Идентификатор на билиотеката - собственик на записа BLK
041 ## - Код за език
Код за езика на текст/звукозапис или на отделно заглавие Руски
Код за езика КДБФ Руски
080 ## - УДК
Текстов определител УДК Наказателно право. Наказателен процес. Учение за престъплението. Криминология. Вж и 341.4 ; 344 ; 348
УДК код - определител по УДК 343
УДК - код + определител 343
100 ## - Редна дума - Автор
R(LIN) 445731
Автор Ферри, Энрико
Авторска отговорност първи автор
139 ## - Редно поле
Редна дума Ферри, Энрико
245 ## - Сведения за заглавието
Заглавие Преступления и преступники
Подзаглавни данни В науке и в жизни. Две лекции
Редно поле (дума) Энрико Ферри.
260 ## - Област на издателските данни
9 (RLIN) 444596
Място на издаване, разпространение и проч. Одесса
Име на издателя, разпространителя и проч. Н. Лейнеберг
Година на издаване 1890
Печатница Типография Труд
300 ## - Физическа характеристика
Страници 54 с.
Размери/Мащаб 20 см
380 ## - Жанр
Жанр Обществени науки
490 ## - СЕРИИ (Колекции)
9 (RLIN) 435080
Име на серия Колекция Редки и ценни издания
500 ## - Общи забележки
Забележка Дозволено цензурою, Одесса, 16-го мая 1890 г.
505 ## - Форматирана забележка
Подзаглавни данни Автограф - подпис: [...]Симеонов 14.ІХ.919.
650 #0 - Допълнително описание по предмет – тема
9 (RLIN) 279809
Основно описание – тема или топоним Наказателен процес
650 #0 - Допълнително описание по предмет – тема
9 (RLIN) 283100
Основно описание – тема или топоним Наказателна отговорност
653 #7 - Ключова дума – ненормативна
9 (RLIN) 197818
Ключова дума съдебни процеси
653 #7 - Ключова дума – ненормативна
9 (RLIN) 194475
Ключова дума престъпления
653 #7 - Ключова дума – ненормативна
9 (RLIN) 194476
Ключова дума престъпници
852 ## - Местоположение
Форматна сигнатура Рр 890
Фондова буква Редки и ценни
999 ## - СИСТЕМНИ КОНТРОЛНИ НОМЕРА
Koha biblionumber 402798
Koha biblioitemnumber 402798
942 ## - АРТИКУЛИ
Вид на библиотечния материал Книги
Скрит в OPAC Не
Периодичен библиозапис Да
944 ## - СЪЗДАВАНЕ И РЕДАКЦИЯ на ЗАПИСА
Създаване/Редакция Създаване
Дата на регистрацията/редакция 2021-03-25
Служител, извършил регистрацията/редакцията А.М.
944 ## - СЪЗДАВАНЕ И РЕДАКЦИЯ на ЗАПИСА
Създаване/Редакция Редакция
Дата на регистрацията/редакция 2021-04-02
Служител, извършил регистрацията/редакцията Кети
999 ## - СИСТЕМНИ КОНТРОЛНИ НОМЕРА
Koha biblioitemnumber 402798
Наличности
Код за отписване Код за изгубен артикул Източник на класификационната схема Код за повреда Коз за рестрикции Код за отдаване Артикулен № Име на библиотеката - собственик Име на библиотеката, в която се намира в момента Статус (Текущо местоположение) Дата на вписване в системата Местоположение - отдел Цена в лева Инвентарен номер Систематично азбучна сигнатура Баркод Цена в евро Служебен тип на артикула
  Не е изгубен Universal Decimal Classification Не е повреден само за читалня Специални фондове ( старопечатни, редки и ценни, фонд М. Арнаудов) 854202 Регионална библиотека "Любен Каравелов" Русе Регионална библиотека "Любен Каравелов" Русе Редки и ценни 2021-09-23 Редки и ценни 0.24 29416 Рр 890 900000043175 0.12 Книги
Vip Innovations Ltd, Rousse, Bulgaria 2025